بھيڑ ميں ا کيلا (Record no. 172013)

MARC details
000 -LEADER
fixed length control field 00651nam a22001937a 4500
005 - DATE AND TIME OF LATEST TRANSACTION
control field 20200124153157.0
010 ## - LCCN (DPL NO)
LC control number UR-10680
020 ## - INTERNATIONAL STANDARD BOOK NUMBER
Terms of availability 200.00
International Standard Book Number -
035 ## - SYSTEM CONTROL NUMBER
System control number U-9235
037 ## - SOURCE OF ACQUISITION
Source of stock number/acquisition DBAD/PUB
Stock number -
082 ## - DEWEY DECIMAL CLASSIFICATION NUMBER
Classification number 921.844
100 ## - MAIN ENTRY--PERSONAL NAME
Personal name مر تبہ:ش کا ف نظا م
245 ## - TITLE STATEMENT
Title بھيڑ ميں ا کيلا
Statement of responsibility, etc مر تبہ:ش کا ف نظا م
246 ## - VARYING FORM OF TITLE
Remainder of title Bheed Main Akela (Urdu)
Title proper/short title Compiled by Sheen Kaaf Nizam
260 ## - PUBLICATION, DISTRIBUTION, ETC. (IMPRINT)
Place of publication, distribution, etc Rajisthan
Name of publisher, distributor, etc Rajisthan Urdu Academy
Date of publication, distribution, etc 2001 ء
270 ## - ADDRESS
Address J-3,Subhash Marg,"C"Scheme,
City Jaipur
Postal code 302001
Telephone number 0141382664
Fax number -
300 ## - PHYSICAL DESCRIPTION
Extent 288 ص
Dimensions 22 Cm(Hb)
942 ## - ADDED ENTRY ELEMENTS (KOHA)
Source of classification or shelving scheme Dewey Decimal Classification
Item type Urdu Bks
Classification part 921.844
Call number suffix ش ک ا
Holdings
Withdrawn status Lost status Not for loan Collection code Home library Current library Date acquired Source of acquisition Cost, normal purchase price Full call number Barcode Copy number Cost, replacement price Koha item type
      Non-fiction Central Library Central Library 24/01/2020 BPPD/Ven. 200.00 921.844 ش ک ا U-9235 1 200.00 Urdu Bks

© Delhi Public Library
Hit Counter
free hit counter